Новый Завет Господа нашего Иисуса Христа и Псалтырь (Запис № 308979)

МАРК-запис
000 -Лідер
fixed length control field 00540nam a22002177a 4500
003 - Ідентифікатор контрольного номера
control field UA-OsUOA
001 - Контрольний номер
control field 22751
007 - Фіксоване поле фізичного опису
fixed length control field ta
008 - Елементи даних фіксованої довжини – загальна інформація
fixed length control field 20031224b un ||||| |||| 00| 0 ukr d
090 ## - Локальний шифр розміщення
Класифікаційний індекс УДК 22.04
Авторський знак (НП) Н76
040 ## - Джерело каталогізації
Агенція оригінальної каталогізації UA-OsUOA
Мова каталогізації rus
Агенція, яка здійснювала перезапис UA-OsUOA
Агенція, яка здійснювала модифікацію UA-OsUOA
041 ## - Код мови
Код мови тексту/ звукової доріжки чи окремого заголовка (П) rus
080 ## - Індекс Універсальної десяткової класифікації
Індекс Універсальної десяткової класифікації (УДК) (НП) 22.04
044 ## - Код країни видавця/ виробника
Код країни видавця/ виробника (П) RU
245 ## - Відомості про назву
Назва (НП) Новый Завет Господа нашего Иисуса Христа и Псалтырь
260 ## - Публікація, розповсюдження і т.п. (Вихідні дані)
Ім’я/ наймення видавництва, розповсюджувача і т.п. (П) United Bible Societies
Дата публікації, розповсюдження і т.п. (П) 1993
650 #7 - Додаткове предметне введення – тематичний термін
Джерело заголовка чи терміна UDC
942 ## - Додаткові елементи входу (Коха)
Тип елемента Koha Книги
955 ## - Код типу видання за змістом
Код типу видання за змістом (НП) інше
Фонди
Стан вилучень Стан втрат Джерело класифікації або схеми стелажів Стан уражень Не для кредиту Постійне місце розташування Поточне розміщення Дата придбання Інвентарний номер Усього замовленно Повний номер виклику Штрих-код Дата останнього перегляду Ціна ефективна від Тип елемента Koha Вартість, звичайна ціна покупки
    Universal Decimal Classification     АБ - Абонемент НБ АБ - Абонемент НБ 17/07/2006 17277   22.04 Н76 17277 21/02/2022 24/12/2003 Книги  
    Universal Decimal Classification     АБ - Абонемент НБ АБ - Абонемент НБ 17/07/2006 17278   22.04 Н76 17278 04/11/2021 24/12/2003 Книги  
    Universal Decimal Classification     АБ - Абонемент НБ АБ - Абонемент НБ 17/07/2006 17279   22.04 Н76 17279 04/11/2021 24/12/2003 Книги  
    Universal Decimal Classification     АБ - Абонемент НБ АБ - Абонемент НБ 17/07/2006 17280   22.04 Н76 17280 04/11/2021 24/12/2003 Книги  
    Universal Decimal Classification     ЧЗ - Читальна зала ЧЗ - Читальна зала 24/12/2003 63473   22.04 Н76 63473 29/09/2021 24/12/2003 Книги 7.00